| 000 | 00895 a2200289 4500 | ||
|---|---|---|---|
| 999 |
_c160098 _d21661 |
||
| 001 | 160098 | ||
| 003 | TR-AnTOB | ||
| 005 | 20230530001109.0 | ||
| 007 | ta | ||
| 008 | 120723s2005 tu d|||| |||| 000 0 tur d | ||
| 020 | _a9944600156 | ||
| 040 |
_aTR-AnTOB _beng _erda _cTR-AnTOB _dTR-AnTOB |
||
| 041 | _atur | ||
| 050 | 4 |
_aHC491 _b.I88 2005 |
|
| 090 |
_aHC491 _b.I88 2005 |
||
| 245 | 0 | 0 |
_aEkonomik rapor : _b2005 yılı ikinci yarısında Türkiye ekonomisi. / _cİstanbul Ticaret Odası. |
| 264 | 1 |
_aİstanbul : _bİTO, _c2005. |
|
| 300 |
_a144 p.: _bgraph.,tabl.; _c25cm. |
||
| 336 |
_2rdacontent _atext _btxt |
||
| 337 |
_2rdamedia _aunmediated _bn |
||
| 338 |
_2rdacarrier _avolume _bnc |
||
| 490 | 0 |
_aİstanbul Ticaret Odası yayın no ; _v2005-14 |
|
| 651 | 0 |
_aTürkiye _xEkonomik durum _980633 |
|
| 710 | 2 |
_aİstanbul Ticaret Odası _919571 |
|
| 942 |
_cBK _2lcc |
||